The Great Indian Stories Ever Told (Record no. 41472)
[ view plain ]
| 000 -LEADER | |
|---|---|
| fixed length control field | 00373nam a2200133Ia 4500 |
| 008 - FIXED-LENGTH DATA ELEMENTS--GENERAL INFORMATION | |
| fixed length control field | 240719s9999 xx 000 0 und d |
| 041 ## - LANGUAGE CODE | |
| Language code of text/sound track or separate title | eng |
| 082 ## - DEWEY DECIMAL CLASSIFICATION NUMBER | |
| Classification number | 920 SIN |
| 100 ## - MAIN ENTRY--PERSONAL NAME | |
| Personal name | Sinha, Arunava |
| 245 ## - TITLE STATEMENT | |
| Title | The Great Indian Stories Ever Told |
| 260 ## - PUBLICATION, DISTRIBUTION, ETC. | |
| Place of publication, distribution, etc. | New Dehli |
| Name of publisher, distributor, etc. | Aleph Book Company |
| Date of publication, distribution, etc. | 2023 |
| 300 ## - PHYSICAL DESCRIPTION | |
| Extent | 528;. P. 23 Cm |
| 520 ## - SUMMARY, ETC. | |
| Summary, etc. | Faculty Purchase By Dr. Jitendra Sharma |
| Withdrawn status | Lost status | Damaged status | Not for loan | Home library | Current library | Shelving location | Date acquired | Source of acquisition | Cost, normal purchase price | Total Checkouts | Full call number | Barcode | Date last seen | Date last checked out | Price effective from | Koha item type |
|---|---|---|---|---|---|---|---|---|---|---|---|---|---|---|---|---|
| IMTN | IMTN | Rack 41-B | 12/12/2023 | Amazon | 709.00 | 1 | 920 SIN | 33167 | 06/02/2025 | 02/16/2025 | 11/22/2023 | Books |